000 00611nam a2200241Ia 4500
003 OSt
005 20221007100821.0
006 a|||||r|||| 00| 0
007 ta
008 221006b |||||||| |||| 00| 0 eng d
024 _a5,205
037 _cTextual
040 _aLCO
_cLCO
_beng
041 _2eng
_aeng
082 _aX:57qN62, L4
100 _aI.C.S.I
_9702145
245 0 _aCompany Secretary & M.R.T.P. Act
260 _aNew
_bDelhi I.C.S.I
_c1974
300 _a106
650 _aM.R.T.P.ACT
_9701950
942 _hX:57qN62, L4
_cTEXL
999 _c1174768
_d1174768